Soccer Quiz - 2018 World Cup Top Goal Scorers - Statistics

General Stats
  • This quiz has been taken 104 times
  • The average score is 22 of 48
Answer Stats
Goals Answer % Correct
1 Lionel Messi
99%
2 Luka Modric
92%
2 Neymar
89%
4 Cristiano Ronaldo
88%
6 Harry Kane
87%
4 Romelu Lukaku
82%
4 Kylian Mbappe
81%
2 Luis Suarez
79%
1 Kevin De Bruyne
77%
3 Edinson Cavani
74%
1 Angel Di Maria
72%
4 Antoine Griezmann
71%
3 Eden Hazard
71%
1 Christian Eriksen
60%
3 Ivan Perisic
59%
1 Paul Pogba
59%
2 Sergio Aguero
58%
3 Mario Mandzukic
57%
1 Xherdan Shaqiri
50%
2 Philippe Coutinho
44%
1 Granit Xhaka
43%
3 Diego Costa
42%
1 Hirving Lozano
40%
1 Javier Hernandez
39%
3 Yerry Mina
38%
1 Harry Maguire
37%
1 Pepe
36%
4 Denis Cheryshev
34%
3 Artem Dzyuba
32%
1 Jose Maria Gimenez
32%
2 John Stones
30%
1 Emil Forsberg
29%
1 Ricardo Quaresma
29%
1 Yussuf Poulsen
29%
1 Keisuke Honda
27%
1 Aleksandr Golovin
22%
1 Juan Cuadrado
22%
1 Shinji Kagawa
21%
2 Andreas Granqvist
18%
1 Isco
18%
1 Iago Aspas
17%
2 Takashi Inui
16%
1 Ola Toivonen
13%
1 Paulinho
13%
1 Carlos Vela
11%
1 Juan Quintero
11%
1 Blerim Dzemaili
3%
1 Mathias Jorgensen
3%
No matching quizzes found
Score Distribution
Percent of People with Each Score
Percentile by Number Answered
Your Score History
You have not taken this quiz